<?xml version="1.0" encoding="UTF-8"?><?xml-stylesheet type="text/xsl" href="static/style.xsl"?><OAI-PMH xmlns="http://www.openarchives.org/OAI/2.0/" xmlns:xsi="http://www.w3.org/2001/XMLSchema-instance" xsi:schemaLocation="http://www.openarchives.org/OAI/2.0/ http://www.openarchives.org/OAI/2.0/OAI-PMH.xsd"><responseDate>2026-04-14T07:18:05Z</responseDate><request verb="GetRecord" identifier="oai:www.recercat.cat:2117/396303" metadataPrefix="marc">https://recercat.cat/oai/request</request><GetRecord><record><header><identifier>oai:recercat.cat:2117/396303</identifier><datestamp>2025-07-22T15:13:45Z</datestamp><setSpec>com_2072_1033</setSpec><setSpec>col_2072_452951</setSpec></header><metadata><record xmlns="http://www.loc.gov/MARC21/slim" xmlns:dcterms="http://purl.org/dc/terms/" xmlns:xsi="http://www.w3.org/2001/XMLSchema-instance" xmlns:doc="http://www.lyncode.com/xoai" xsi:schemaLocation="http://www.loc.gov/MARC21/slim http://www.loc.gov/standards/marcxml/schema/MARC21slim.xsd">
   <leader>00925njm 22002777a 4500</leader>
   <datafield ind2=" " ind1=" " tag="042">
      <subfield code="a">dc</subfield>
   </datafield>
   <datafield ind2=" " ind1=" " tag="720">
      <subfield code="a">Nemet, Dolores-Marcela</subfield>
      <subfield code="e">author</subfield>
   </datafield>
   <datafield ind2=" " ind1=" " tag="260">
      <subfield code="c">2023-09-15</subfield>
   </datafield>
   <datafield ind2=" " ind1=" " tag="520">
      <subfield code="a">Para entender la arquitectura de Duiliu Marcu en su etapa moderna, es esencial hacer un estudio previo del contexto histórico y arquitectónico que atravesó su país, Rumania, durante los más de 50 años que duro su actividad profesional.&#xd;
&#xd;
A través del contexto previo que tenemos podemos entender la evolución política, artística y cultural que sufrió el país. Con la independencia del imperio otomano y el impulso de crear un estilo propio y tradicional apareció el estilo neo-rumano y más adelante llego a Europa el movimiento moderno. Duiliu Marcu supo adaptarse de forma exitosa a estas épocas de cambio y así lo reflejo en su arquitectura.&#xd;
&#xd;
Por eso con el análisis de 10 de sus obras de su época moderna, incluyendo uno de los últimos trabajos de estilo tradicional, el pabellón rumano de la exposición universal de Barcelona del 1929, se pretende entender mejor sus obras y el salto que dio hacia el movimiento moderno. Los proyectos se analizan de forma cronológica, siguiendo el esquema de contexto, composición y construcción. Esto esclarecerá como su enfoque evolucionó a lo largo del tiempo y como influyeron en ello los factores externos como el contexto histórico y político.</subfield>
   </datafield>
   <datafield ind2=" " ind1=" " tag="520">
      <subfield code="a">In order to understand Duiliu Marcu’s architecture in its modern phase, it is essential to make a prior study of the historical and architectural context that his country, Romania, went through during the more than 50 years of his professional activity.&#xd;
&#xd;
Through the previous context we can understand the political, artistic and cultural evolution that the country underwent. With the independence from the Ottoman Empire and the impulse to create his own traditional style, the neo-romanian style appeared and later the Modern Movement arrived in Europe. Duiliu Marcu was able to adapt successfully to these changing times and reflected this in his architecture.&#xd;
&#xd;
Therefore, the analysis of 10 of his works from his modern period, including one of his last works in the traditional style, the Romanian Pavilion at the 1929 Barcelona World’s Fair, is intended to provide a better understanding of his works and the leap he made towards the modern movement. The projects are analysed chronologically, following the scheme of context, composition and construction. This will shed light on how his approach evolved over time and how external factors such as the historical and political context influenced him.</subfield>
   </datafield>
   <datafield tag="653" ind2=" " ind1=" ">
      <subfield code="a">Àrees temàtiques de la UPC::Arquitectura::Arquitectes</subfield>
   </datafield>
   <datafield tag="653" ind2=" " ind1=" ">
      <subfield code="a">Àrees temàtiques de la UPC::Arquitectura::Composició arquitectònica::Estils arquitectònics</subfield>
   </datafield>
   <datafield tag="653" ind2=" " ind1=" ">
      <subfield code="a">Marcu, Duiliu, 1885-1966 -- Criticism and interpretation</subfield>
   </datafield>
   <datafield tag="653" ind2=" " ind1=" ">
      <subfield code="a">Architects -- Romania</subfield>
   </datafield>
   <datafield tag="653" ind2=" " ind1=" ">
      <subfield code="a">Modern movement (Architecture) -- Romania</subfield>
   </datafield>
   <datafield tag="653" ind2=" " ind1=" ">
      <subfield code="a">Modern architecture -- 20th century -- Romania</subfield>
   </datafield>
   <datafield tag="653" ind2=" " ind1=" ">
      <subfield code="a">Duiliu Marcu</subfield>
   </datafield>
   <datafield tag="653" ind2=" " ind1=" ">
      <subfield code="a">Rumania</subfield>
   </datafield>
   <datafield tag="653" ind2=" " ind1=" ">
      <subfield code="a">exposiciones internacionales</subfield>
   </datafield>
   <datafield tag="653" ind2=" " ind1=" ">
      <subfield code="a">arquitectura rumana</subfield>
   </datafield>
   <datafield tag="653" ind2=" " ind1=" ">
      <subfield code="a">Movimiento Moderno</subfield>
   </datafield>
   <datafield tag="653" ind2=" " ind1=" ">
      <subfield code="a">Marcu, Duiliu, 1885-1966 -- Crítica i interpretació</subfield>
   </datafield>
   <datafield tag="653" ind2=" " ind1=" ">
      <subfield code="a">Arquitectes -- Romania</subfield>
   </datafield>
   <datafield tag="653" ind2=" " ind1=" ">
      <subfield code="a">Moviment modern (Arquitectura) -- Romania</subfield>
   </datafield>
   <datafield tag="653" ind2=" " ind1=" ">
      <subfield code="a">Arquitectura moderna -- S. XX -- Romania</subfield>
   </datafield>
   <datafield ind2="0" ind1="0" tag="245">
      <subfield code="a">Duiliu Marcu: 1929-1939: modern works</subfield>
   </datafield>
</record></metadata></record></GetRecord></OAI-PMH>